01706nam a2200469 i 450000100060000000300080000600500170001400600190003100700150005000800410006502000180010602000270012403500230015103500240017403500250019803500210022304000310024405000220027508000080029708200170030510000180032224500900034026400470043030000410047733600310051833700330054933800430058250000230062550400290064858801250067759001590080265000290096165000350099065000170102565000190104265000160106165000340107765500270111179700190113885600620115799900170121942450FlNmELB20241216222039.0m o d | cr cnu||||||||170406s2011 ag ob 001 0 spa d z9789506415365 a9789506418311 (e-book) a(MiAaPQ)EBC4776419 a(Au-PeEL)EBL4776419 a(CaPaEBR)ebr11323048 a(OCoLC)991933982 aFINmELBbspaerdacFINmELB 4aHD58.6bP816 2011 a6580 a658.40522231 aPonti, Franc.14aLos caminos de la negociación :bpersonas, estrategias y técnicas /cFranc Ponti. 1aBuenos Aires :bEdiciones Granica,c[2011] a1 recurso en línea (173 páginas) atextobtxt2rdacontent/spa acomputadorabc2rdamedia/spa arecurso en líneabcr2rdacarrier/spa aContiene índice. aContiene bibliografía. aDescripción basada en recurso en línea; Título de la página del título en PDF (e-libro, visto April 06, 2017). aRecurso electronico. Santa Fe, Arg. : e-libro, 2016. Disponible via World Wide Web. El acceso puede ser limitado para las bibliotecas afiliadas a e-libro. 0aNegotiation in business. 4aNegociación en los negocios. 0aNegotiation. 4aNegociación. 0aManagement. 4aAdministración de empresas. 4aLibros electrónicos.2 ae-libro, Corp.40uhttps://elibro.net/ereader/politecnicointernacional/66783 c42450d42450